[Event "SVK-ch U16"]
[Site "Liptovsky Mikulas"]
[Date "2007.04.24"]
[Round "5"]
[White "Eremias, Lukas"]
[Black "Krajicek, Karol"]
[Result "1/2-1/2"]
[WhiteElo "1462"]
[BlackElo "1509"]
[PlyCount "38"]
[EventDate "2007.04.22"]
[EventType "swiss"]
[EventRounds "9"]
[EventCountry "SVK"]
[SourceTitle "EXT 2008"]
[Source "ChessBase"]
[SourceDate "2007.11.25"]
[SourceVersion "1"]
[SourceVersionDate "2007.11.25"]
[SourceQuality "1"]

1. e4 e5 2. Nf3 Nc6 3. Bb5 a6 4. Ba4 Bc5 5. 0-0 b5 6. Bb3 Nf6 7. d3 d5 8. Bg5 dxe4 9. Bxf6 Qxf6 10. dxe4 Bg4 11. Bd5 0-0-0 12. h3 Bxf3 13. Qxf3 Qxf3 14. gxf3 Nd4 15. Nd2 f6 16. Nb3 Ne2+ 17. Kg2 Nf4+ 18. Kh2 Bb6 19. c4 Nd3 1/2-1/2

[Event "SVK-ch U14"]
[Site "Liptovsky Mikulas"]
[Date "2005.04.12"]
[Round "2"]
[White "Krajicek, Karol"]
[Black "Jaros, Lukas"]
[Result "0-1"]
[WhiteElo "1520"]
[BlackElo "1747"]
[PlyCount "138"]
[EventDate "2005.04.11"]
[EventType "swiss"]
[EventRounds "9"]
[EventCountry "SVK"]
[SourceTitle "EXT 2008"]
[Source "ChessBase"]
[SourceDate "2007.11.25"]
[SourceVersion "1"]
[SourceVersionDate "2007.11.25"]
[SourceQuality "1"]

1. e4 e5 2. Nf3 d5 3. exd5 Qxd5 4. Nc3 Qe6 5. d3 Nc6 6. Be2 Bc5 7. 0-0 Nf6 8. Be3 Nd4 9. Ng5 Qe7 10. Nge4 0-0 11. Bg5 Be6 12. Bxf6 gxf6 13. Nxc5 Qxc5 14. Ne4 Qxc2 15. Nxf6+ Kh8 16. Qxc2 Nxc2 17. Rac1 Nd4 18. Bh5 c6 19. f4 exf4 20. Rxf4 Nb5 21. Rcf1 Kg7 22. R1f3 Rad8 23. Bg4 Bxa2 24. Nh5+ Kg8 25. Nf6+ Kg7 26. Rg3 Rd4 27. Be6+ Kh8 28. Rxd4 Nxd4 29. Bxa2 Ne2+ 30. Kf2 Nxg3 31. Kxg3 Kg7 32. Nd7 Rd8 33. Ne5 f6 34. Nf3 Rxd3 35. Kf4 Rd1 36. Be6 b5 37. Nh4 Rd4+ 38. Kg3 Re4 39. Bd7 Rb4 40. Bxc6 Rxb2 41. Nf5+ Kf8 42. Nd6 b4 43. Nc4 Rc2 44. Bd5 b3 45. Na3 b2 46. Kg4 Rd2 47. Be4 Re2 48. Bxh7 Rxg2+ 49. Kh3 Rg7 50. Bb1 a5 51. Nc4 a4 52. Nxb2 Rb7 53. Nxa4 Rxb1 54. Nc5 Rb4 55. Kg3 Kg7 56. Ne6+ Kg6 57. h4 Re4 58. Nc5 Re5 59. Nd7 Re7 60. Nc5 Kf5 61. Kf3 Rc7 62. Nd3 Rc3 63. Ke3 Kg4 64. Kd4 Rxd3+ 65. Kxd3 Kxh4 66. Ke4 Kg4 67. Ke3 f5 68. Kf2 Kf4 69. Kg2 Ke3 0-1